01016nas a2200253Ia 4500001001200000003001000012005001700022008004100039040002500080041000700105100003000112245005500142250005400197260000900251300001200260500009800272650001000370654001200380700017800392942001200570999001900582999000700601952015400608dg67-31716 IT-MiCISF20250218112744.0161014c99999999xx |||||||||||| ||und|| aIT-MiCISFcIT-MiCISF ait aCoen Jean (et al.)961549 0aGenere e cittadinanza.bDonne sulla scena pubblica a"Info. Nuova serie", n. 7-9, 15 aprile-15 maggio  c2000 app. 238 a donna, società, diritto, abuso-sessuale, femminismo, welfare, politica-familiare, politica aDonna arivista aIzzo F., Mancina C., Bimbi F., Pennacchi L., Sassoon Showstack A., Calloni M., aPhilips A., Del Re A., Ceccanti S., Urbinati N., Lamoureux D., Saraceno C., Addis E. 961550 cCR2ddc c246420d246420 bSi 0010406DG_673171671aCISFbCISFd2016-10-14l0odg67-31716 r2016-10-14 00:00:00w2016-10-14yCRzData import 15.10.2016 / by Epidotti, Vaglietti